[Event "Yerevan ol (Men)"]
[Site "Yerevan"]
[Date "1996.??.??"]
[Round "7"]
[White "Fiorito, Fabian"]
[Black "Supatashvili, Khvicha"]
[Result "1/2-1/2"]
[WhiteElo "2470"]
[BlackElo "2445"]

1.Nf3 d5 2.g3 c6 3.Bg2 Bg4 4.O-O Nd7 5.d3 Ngf6 6.Qe1 Bxf3 7.Bxf3 e6 8.e4 dxe4
9.dxe4 h5 10.h3 h4 11.g4 e5 12.Nd2 Nh7 13.a4 Ng5 14.Bg2 Be7 15.Nc4 Ne6 16.Be3 O-O
17.Rd1 Qc7 18.a5 Rfd8 19.f3 Ndf8 20.Rxd8 Bxd8 21.Qf2 Be7 22.Kh1 c5 23.Bd2 Ng6
24.Ne3 Bg5 25.Nd5 Qd8 26.Bc3 Nd4 27.Rd1 Nf4 28.Ne3 Qf6 29.Bf1 Nfe6 30.Bxd4 cxd4
31.Nd5 Qd8 32.a6 bxa6 33.Bxa6 Qa5 34.Bc4 Rc8 35.b3 Qa3 36.Qf1 Qc5 37.Ra1 a5
38.Ra4 Bd8 39.Bd3 Qd6 40.Qa1 g6 41.Rc4 Rxc4 42.Bxc4 Qf8  1/2-1/2

[Event "Yerevan ol (Men)"]
[Site "Yerevan"]
[Date "1996.??.??"]
[Round "7"]
[White "Yung, Lau"]
[Black "Ramesh, RB."]
[Result "0-1"]
[WhiteElo "2030"]
[BlackElo "2380"]

1.Nf3 d5 2.g3 Nf6 3.Bg2 c6 4.O-O Bg4 5.b3 a5 6.Bb2 a4 7.d3 e6 8.h3 Bh5 9.Nbd2 a3
10.Bc3 b5 11.Rc1 Bc5 12.Qe1 O-O 13.e4 Na6 14.e5 Nd7 15.Kh2 Bb4 16.Ba1 Bxf3
17.Bxf3 Be7 18.c3 Qb8 19.d4 Ra7 20.Bg4 c5 21.f4 cxd4 22.cxd4 Nb4 23.Qe2 Nxa2
24.Rcd1 g6 25.h4 Rc8 26.h5 Nf8 27.Bh3 Nc3 28.Bxc3 Rxc3 29.g4 Rc2 30.Bg2 a2
31.Qe3 Bb4 32.Nf3 Qc8 33.f5 exf5 34.gxf5 Qxf5 35.h6 Qg4  0-1

[Event "Yerevan ol (Men)"]
[Site "Yerevan"]
[Date "1996.??.??"]
[Round "8"]
[White "Aderito, Pedro"]
[Black "Mamouri, Mehde"]
[Result "1-0"]
[WhiteElo "2210"]
[BlackElo "2210"]

1.Nf3 d5 2.g3 c5 3.Bg2 Nc6 4.c4 Nf6 5.O-O e5 6.cxd5 Nxd5 7.Nc3 Nc7 8.d3 Be7
9.b3 O-O 10.Bb2 f6 11.Rc1 Be6 12.Na4 Na6 13.Nd2 Rc8 14.Ne4 b6 15.h3 Qd7 16.Kh2 f5
17.Nd2 Bd5 18.Nf3 Bf6 19.Nc3 Be6 20.Qd2 h6 21.Nd1 Rcd8 22.Qc2 Rfe8 23.Qb1 Nc7
24.Ne3 Nd4 25.Ng1 f4 26.Nc4 Bd5 27.Nd2 Bg5 28.Rcd1 fxg3+ 29.fxg3 Bxg2 30.Kxg2 Nd5
31.Bxd4 exd4 32.Ne4 Ne3+ 33.Kh2 Nxd1 34.Qxd1 Rf8 35.Nf3 Be7 36.Qc1 Kh8 37.Kg2 Rc8
38.Qb2 Qd5 39.Qa3 Rc7 40.Qa6 Rd8 41.Rc1 Bg5 42.Rf1 Re7 43.h4 Be3 44.Qc4 Qd7
45.Nh2 Rde8 46.Rf3 Qd8 47.Ng4 Rf8 48.Rxf8+ Qxf8 49.Qd5 Qf7 50.Qxf7 Rxf7 51.Ne5 Rc7
52.Kf3 Kh7 53.Kg4 Rc8 54.h5 Rf8 55.Nf3 Bc1 56.Nd6 a6 57.Kh3 Rf6 58.Ne4 Rf5
59.Kg4 Rf7 60.Nd6 Re7 61.Ne4 Ba3 62.Kf5 Re8 63.Kg4 a5 64.Kf5 a4 65.Ne5 Ra8
66.Nc4 axb3 67.axb3 Bb4 68.Nxb6 Ra2 69.Nd7 Rxe2 70.Nexc5 Re3 71.g4 Re1 72.Ne6 Bc3
73.Kf4 Rb1 74.Nec5 Rf1+ 75.Ke4 Rg1 76.Kf4 Kg8 77.Kf5 Bb4 78.Ne4 Rd1 79.Nec5 Kf7
80.Ke5 Bc3 81.Ke4 Rg1 82.Ne5+ Kf8 83.Kf5 Bb4 84.Na6 Be7 85.b4 Ra1 86.Nd7+ Kf7
87.Nac5 Rg1  1-0

[Event "Yerevan ol (Men)"]
[Site "Yerevan"]
[Date "1996.??.??"]
[Round "8"]
[White "Sandler, Leonid"]
[Black "Demirel, Tolga"]
[Result "1-0"]
[WhiteElo "2345"]
[BlackElo "2190"]

1.Nf3 d5 2.g3 Nf6 3.Bg2 c6 4.O-O Nbd7 5.d3 g6 6.b3 Bg7 7.Bb2 O-O 8.Nbd2 Re8
9.d4 e5 10.Nxe5 Nxe5 11.dxe5 Ng4 12.c4 Nxe5 13.cxd5 cxd5 14.Bd4 Be6 15.Nf3 Nc6
16.Bxg7 Kxg7 17.Qd2 Qf6 18.e3 Red8 19.Nd4 Nxd4 20.exd4 Rac8 21.Rac1 b6 22.Rfe1 Qf5
23.h4 h6 24.Re5 Rxc1+ 25.Qxc1 Rc8 26.Qe1 Qc2 27.Bxd5 Qb2 28.Kg2 Bxd5+ 29.Rxd5 Qxa2
30.h5 Qc2 31.Qe5+ Kg8 32.Rd6 Qf5 33.hxg6 fxg6 34.Qe2 Rf8 35.b4 Rf7 36.f4 Kg7
37.b5 Qxb5  1-0

[Event "Yerevan"]
[Site "Yerevan"]
[Date "1996.??.??"]
[Round "9"]
[White "Vaganian, Rafael A"]
[Black "Minasian, Artashes"]
[Result "1-0"]
[WhiteElo "2615"]
[BlackElo "2580"]

1.Nf3 d5 2.g3 Bg4 3.Bg2 c6 4.d3 Nd7 5.O-O e6 6.b3 Qf6 7.d4 Bd6 8.c4 Qe7 9.Nc3 f5
10.Qc2 Ngf6 11.cxd5 exd5 12.h3 Bxf3 13.exf3 O-O 14.Qxf5 Ne8 15.Qd3 g5 16.Qe3 h6
17.Qxe7 Bxe7 18.f4 Bf6 19.Ne2 Ng7 20.Be3 Nf5 21.Rad1 Rae8 22.Rd3 Re7 23.g4 gxf4
24.Nxf4 Nxe3 25.fxe3 Rxe3 26.Rxe3 Bxd4 27.Nxd5 cxd5 28.Bxd5+ Kg7 29.Rxf8 Bxe3+
30.Rf2 Nc5 31.Kg2 Bxf2 32.Kxf2 Kf6 33.Ke3 Ke5 34.Bf3 b6 35.h4 Ne6 36.Be4 Nf4
37.g5 hxg5 38.hxg5 Ne6 39.g6 Ng7 40.Bd3 Ne6 41.Bc4 Ng7 42.Kd3 Nf5 43.Kc3 a5
44.Bd3 Ng7 45.Kc4 Kd6 46.Kd4 Ke6 47.Bc4+ Kd6 48.Ke4 Ne8 49.Kf5 Ke7 50.Ke5 Ng7
51.a4 Nh5 52.Be6 Ng7 53.Bf7 Nh5 54.Kd5 Kd7 55.Be6+ Ke7 56.Bf5 Ng7 57.Bd3 Ne6
58.Kc6  1-0

[Event "Yerevan ol (Men)"]
[Site "Yerevan"]
[Date "1996.??.??"]
[Round "9"]
[White "Wirthensohn, Heinz"]
[Black "Bagirov, Vladimir"]
[Result "0-1"]
[WhiteElo "2415"]
[BlackElo "2505"]

1.Nf3 d5 2.g3 Bg4 3.Bg2 Nd7 4.c4 e6 5.cxd5 exd5 6.O-O Ngf6 7.d3 Bc5 8.Qc2 O-O
9.Nbd2 Re8 10.h3 Bh5 11.e4 Bb6 12.b4 dxe4 13.dxe4 Qe7 14.Nh4 Ne5 15.g4 Bxg4
16.hxg4 Nfxg4 17.Ndf3 Nxf2 18.Rxf2 Ng4 19.Nf5 Qxb4 20.Rb1 Bxf2+ 21.Kf1 Qc5
22.Qxc5 Bxc5 23.Rb5 b6 24.e5 Rad8 25.Bf4 f6 26.Rb1 fxe5 27.Bg5 Nf6 28.Bxf6 gxf6
29.Ke2 e4 30.Nd2 Rd5 31.Bh3 Kh8 32.Rf1 Bb4 33.Nc4 b5 34.Nfe3 Rh5  0-1

[Event "Yerevan ol (Men)"]
[Site "Yerevan"]
[Date "1996.??.??"]
[Round "9"]
[White "Braga, Cicero"]
[Black "Grigorian, Vardan"]
[Result "1/2-1/2"]
[WhiteElo "2390"]
[BlackElo "2355"]

1.g3 d5 2.Nf3 Nf6 3.Bg2 Bf5 4.O-O e6 5.c4 c6 6.Qb3 Qb6 7.d3 Nbd7 8.Nc3 h6
9.Be3 Qa6 10.cxd5 exd5 11.Bd4 Be7 12.e4 dxe4 13.dxe4 Be6 14.Qc2 O-O 15.Rfe1 Qa5
16.Nh4  1/2-1/2

[Event "Yerevan ol (Men)"]
[Site "Yerevan"]
[Date "1996.??.??"]
[Round "9"]
[White "Marin, Mihail"]
[Black "Antonio, Rogelio Jr"]
[Result "1/2-1/2"]
[WhiteElo "2530"]
[BlackElo "2530"]

1.Nf3 d5 2.g3 Nc6 3.d4 Bg4 4.Bg2 e6 5.O-O Nf6 6.c4 Bd6 7.Nc3 O-O 8.cxd5 Nxd5
9.e4 Nb6 10.b3 Bb4 11.Ne2 f5 12.e5 Nd5 13.Qd3 Be7 14.a3 Qd7 15.Ra2 Rad8 16.h3 Bh5
17.Bd2 a6 18.b4 h6 19.Rb2 Na7 20.Qb3 g5 21.Rc1 c6 22.a4 f4 23.gxf4 gxf4 24.Kh2 Rf7
25.Rg1 Kh8 26.Qd3 Rg8 27.Ne1 Qe8 28.Bf3 Bxf3 29.Rxg8+ Qxg8 30.Qxf3 Nc8 31.Nd3 Bg5
32.Rb1 Nce7 33.Rg1 Ng6  1/2-1/2

[Event "Yerevan ol (Men)"]
[Site "Yerevan"]
[Date "1996.??.??"]
[Round "10"]
[White "Carless, David"]
[Black "Curi, Gabriel"]
[Result "0-1"]
[WhiteElo "2230"]
[BlackElo "2310"]

1.Nf3 d5 2.g3 Nf6 3.Bg2 Bg4 4.O-O c6 5.b3 Nbd7 6.Bb2 e6 7.d3 Bd6 8.Nbd2 Qe7
9.h3 Bxf3 10.Nxf3 O-O 11.Re1 e5 12.e4 d4 13.Nh4 g6 14.Rf1 Ba3 15.Bxa3 Qxa3
16.f4 Qe7 17.Nf3 Nh5 18.fxe5 Nxg3 19.Rf2 c5 20.Qd2 Nh5 21.e6 fxe6 22.e5 Rf5  0-1

[Event "Yerevan ol (Men)"]
[Site "Yerevan"]
[Date "1996.??.??"]
[Round "10"]
[White "Sepp, Olav"]
[Black "Oblitas, Carlomagno"]
[Result "1/2-1/2"]
[WhiteElo "2420"]
[BlackElo "2420"]

1.Nf3 d5 2.g3 g6 3.Bg2 Bg7 4.O-O e5 5.d3 Ne7 6.e4 O-O 7.Nbd2 dxe4 8.dxe4 b6
9.b3 Ba6 10.Re1 c6 11.Bb2 Qc7 12.Bf1 Bxf1 13.Kxf1 c5 14.Qe2 Nbc6 15.c3 a6
16.a4 Na5 17.b4 Nb7 18.Nc4 b5 19.axb5 axb5 20.Na3 Nc6 21.Nxb5 Qb6 22.bxc5 Nxc5
23.c4 Nb3 24.Rxa8 Rxa8 25.Qd3 Nbd4 26.Bxd4 exd4 27.e5 Qc5 28.e6 fxe6 29.Rxe6 Rf8
30.Kg2 Nb4 31.Qe4 Qxc4 32.Nbxd4 Bxd4 33.Nxd4 Qd5 34.Qxd5 Nxd5 35.h4 Nf6 36.Nf3 Ng4
37.Re4 Nf6 38.Ra4 Re8 39.Ra7 Ne4 40.h5 gxh5 41.Nh4 Re5 42.f3 Nd6 43.Kh3 Rb5
44.Rd7 Nf7 45.f4 Nh6 46.Nf3 Nf5 47.Nd4 Nxd4 48.Rxd4 Kg7 49.Kh4 Ra5 50.Rd6 Rb5
51.Re6 Ra5 52.Kh3 Rb5 53.Kg2 h4 54.gxh4 Rb3 55.h5 Ra3 56.h6+ Kf7 57.Rb6 Rc3
58.Kf2 Ra3 59.Ke2 Rh3 60.Ra6 Rb3  1/2-1/2

[Event "Yerevan ol (Men)"]
[Site "Yerevan"]
[Date "1996.??.??"]
[Round "10"]
[White "Mirumian, Vigen"]
[Black "Agdestein, Simen"]
[Result "0-1"]
[WhiteElo "2430"]
[BlackElo "2600"]

1.Nf3 d5 2.g3 g6 3.Bg2 Bg7 4.O-O e5 5.d3 Ne7 6.Nbd2 O-O 7.e4 a5 8.a4 Nbc6
9.exd5 Nxd5 10.c3 Nb6 11.Qc2 f5 12.Nb3 Kh8 13.Bg5 Qe8 14.Rae1 Qf7 15.Bc1 h6
16.Nc5 Nd7 17.Nb3 Nb6 18.Nc5 Nd5 19.Qb3 Nde7 20.Qxf7 Rxf7 21.Nb3 Rb8 22.d4 e4
23.Nfd2 b6 24.f3 exf3 25.Nxf3 Ba6 26.Rf2 Rd8 27.Bf4 Nd5 28.Ne5 Nxe5 29.Bxe5 Kg8
30.Bxg7 Kxg7 31.Nd2 Re7 32.Rxe7+ Nxe7 33.Nf3 Bc4 34.Nd2 Bd3 35.Bf1 Bc2 36.Bc4 Bxa4
37.Re2 Re8 38.Kf2 Nc8 39.Rxe8 Bxe8 40.Nf3 Kf6 41.Ke3 Nd6 42.Ba2 Bf7 43.d5 c5
44.c4 g5 45.Nd2 Bh5 46.Bb3 Ke5 47.Ba4 f4+ 48.gxf4+ gxf4+ 49.Kd3 Bg4 50.Bc6 Bf5+
51.Ke2 Be4 52.Ba4 Bg6 53.Nf3+ Kf6 54.Nd2 Bh5+ 55.Kd3 Ke5 56.Bd7 Bg6+ 57.Kc3 Kf6
58.Ba4 Bf5 59.Bd1 Nf7 60.Bf3 Ne5 61.Bg2 Ng4 62.Nf1 Ke5 63.Bf3 Nf2 64.Nd2 Bh3
65.Bh1  0-1

[Event "Yerevan ol (Men)"]
[Site "Yerevan"]
[Date "1996.??.??"]
[Round "12"]
[White "D'Amore, Carlo"]
[Black "Kosic, Dragan"]
[Result "1-0"]
[WhiteElo "2450"]
[BlackElo "2530"]

1.Nf3 d5 2.g3 c6 3.Bg2 Bg4 4.d3 Nd7 5.Nbd2 e6 6.O-O Bd6 7.e4 Ne7 8.b3 O-O
9.Bb2 b5 10.Qe1 a5 11.a4 bxa4 12.Rxa4 Nb6 13.Ra2 Nd7 14.Qa1 f6 15.Nd4 Nc5
16.h3 Bh5 17.exd5 cxd5 18.Bc3 Be5 19.Rxa5 Rxa5 20.Bxa5 Qd7 21.Bc3 Rc8 22.Re1 Bf7
23.Bb2 Bd6 24.f4 e5 25.fxe5 Bxe5 26.N2f3 Bxg3 27.Rxe7 Qxe7 28.Nf5 Qc7 29.Bxf6 Ne6
30.Bxg7 Bf4 31.Be5 Qc5+ 32.Kh1 d4 33.Qe1 Bg6 34.N5xd4 Nxd4 35.Bxd4 Qd6 36.Qf2 Re8
37.Bc5 Qf6 38.Ng1 Qg5 39.b4 Be5 40.b5 Kh8 41.b6 Bg3 42.Qd4+ Be5 43.Nf3 Qc1+
44.Qg1 Qxg1+ 45.Kxg1 Bb8 46.b7 Bf5 47.Kf2 Bd7 48.Nd4 Re5 49.Bb6 Bb5 50.c4 Ba6
51.c5 Bxd3 52.c6 Re7 53.Bd5 Ba6 54.Bd8  1-0

[Event "Yerevan ol (Men)"]
[Site "Yerevan"]
[Date "1996.??.??"]
[Round "12"]
[White "Soppe, Guillermo"]
[Black "Petkevich, Jusefs"]
[Result "1/2-1/2"]
[WhiteElo "2485"]
[BlackElo "2445"]

1.Nf3 d5 2.g3 c6 3.Bg2 Bg4 4.b3 Nd7 5.Bb2 Ngf6 6.d3 Bxf3 7.Bxf3 e5 8.Nd2 Bc5
9.e4 a5 10.a3 O-O 11.O-O Re8 12.c3 Bf8 13.Qc2 Nc5 14.exd5 cxd5 15.Bg2 b5
16.c4 Rc8 17.Rab1 bxc4 18.bxc4 dxc4 19.dxc4 Qd3 20.Qxd3 Nxd3 21.Bc3 Bxa3
22.Bxa5 e4 23.Bh3  1/2-1/2

[Event "Yerevan ol (Men)"]
[Site "Yerevan"]
[Date "1996.??.??"]
[Round "13"]
[White "Oblitas, Carlomagno"]
[Black "Ahundov, Ruslan"]
[Result "1/2-1/2"]
[WhiteElo "2420"]
[BlackElo "2405"]

1.Nf3 d5 2.g3 c6 3.Bg2 Nf6 4.O-O Bg4 5.Ne5 Bh5 6.d4 Nbd7 7.Nd3 e6 8.Nf4 Bg6
9.Nxg6 hxg6 10.c4 Bd6 11.Nd2 Ng4 12.h3 Ngf6 13.Qc2 Qe7 14.e4 dxe4 15.Nxe4 Nxe4
16.Qxe4 Nf6 17.Qe2 O-O 18.Re1 Qc7 19.a3 Rfd8 20.Bg5 Qa5 21.h4 a6 22.Rad1 Re8
23.Rd3 Rad8 24.Qd1 Be7 25.Bf3 Qc7 26.Qc2 Rd7 27.Kg2 Red8 28.Red1 Nh5 29.Qe2 Nf6
30.Bf4 Bd6 31.Bg5 Be7 32.Qc2 Nh5 33.Bxh5 gxh5 34.Bxe7 Rxe7 35.Qe2 g6 36.Qe5 Red7
37.Qxc7 Rxc7 38.Kf3 Rcd7 39.Ke4 Kf8 40.Ke3 Ke7 41.Ke4 Rd6 42.Rb3 R8d7 43.Rbd3 Rd8
44.f3 R6d7 45.R3d2 Kd6 46.Ke3 Ke7 47.Rh1 e5 48.Rhd1 Ke6 49.Rd3 f6 50.g4 hxg4
51.fxg4 Rh8 52.Rh1 Rhd8 53.Rhd1 Rh8 54.Rh1 Rdh7 55.dxe5 Rxh4 56.Rxh4 Rxh4
57.exf6 Rxg4 58.f7 Kxf7 59.Rd7+ Ke6 60.Rxb7 Rxc4 61.Ra7 Ra4 62.Rg7 Kf5 63.Rc7 Re4+
64.Kf3 Rf4+ 65.Ke3 Re4+ 66.Kf3 Rc4 67.Ra7 Rc2 68.Rxa6 Rxb2 69.Rxc6 Rb3+ 70.Kg2 Rxa3
71.Rc5+ Kg4 72.Rc4+ Kh5 73.Rb4 g5 74.Rc4 Re3 75.Rb4 Kg6 76.Ra4  1/2-1/2

[Event "Zalakaros op"]
[Site "Zalakaros"]
[Date "1996.??.??"]
[Round "1"]
[White "Szamos, Alexander"]
[Black "Wells, Peter K"]
[Result "0-1"]
[WhiteElo "2145"]
[BlackElo "2495"]

1.Nf3 d5 2.g3 c6 3.Bg2 Bg4 4.b3 Nd7 5.Bb2 Ngf6 6.c4 e6 7.Nc3 dxc4 8.bxc4 Bxf3
9.Bxf3 Ne5 10.d3 Nxf3+ 11.exf3 Be7 12.O-O O-O 13.Qc2 Qa5 14.Rab1 Rfd8 15.Rfd1 Qf5
16.Qe2 Rd7 17.d4 Rad8 18.Ne4 h5 19.Bc3 h4 20.g4 Qf4 21.Bd2 Qc7 22.Be3 b6
23.Nc3 Nh7 24.f4 Bf6 25.Qd2 c5 26.d5 Bxc3 27.Qxc3 exd5 28.Rxd5 Rxd5 29.cxd5 Qd7
30.f3 Qxd5 31.Bf2 h3 32.Re1 Nf6 33.Bh4 Qxa2  0-1

[Event "Zalakaros op"]
[Site "Zalakaros"]
[Date "1996.??.??"]
[Round "3"]
[White "Szekeres, Tibor"]
[Black "Wells, Peter K"]
[Result "0-1"]
[WhiteElo "2255"]
[BlackElo "2495"]

1.Nf3 d5 2.g3 c6 3.Bg2 Bg4 4.d3 Nd7 5.Nbd2 e6 6.O-O Bd6 7.c4 a5 8.b3 a4 9.Rb1 axb3
10.axb3 Bb4 11.Bb2 Ngf6 12.h3 Bh5 13.Ne1 O-O 14.Nc2 Be7 15.b4 Nb6 16.c5 Nc8
17.Nb3 Na7 18.Ncd4 e5 19.Nf5 Bg6 20.Nxe7+ Qxe7 21.Ra1 Nb5 22.Qd2 Rad8 23.e3 d4
24.e4 Nd7 25.Na5 Rb8 26.f4 f6 27.f5 Bf7 28.Qc2 Rfc8 29.Rfc1 Rc7 30.Nc4 h6
31.Qd2 b6 32.cxb6 Nxb6 33.Na5 Rbc8 34.Rc5 Nd7 35.Rc2 c5 36.Rac1 cxb4 37.Nc6 Qd6
38.Qxb4 Qxb4 39.Nxb4 Rxc2 40.Rxc2 Nc3 41.Nd5 Bxd5 42.exd5 Rc5 43.d6 Kf7 44.Bf3 Ke8
45.Bh5+ Kd8 46.Bf7 Nb5 47.Rf2 Nxd6 48.Be6 Nb5 49.g4 Nb6 50.h4 Na4 51.Bc4 e4
52.Bxb5 Rxb5 53.Bxd4 Rd5 54.Be3 Rxd3 55.Bf4 Nc3 56.Rd2 Nd5 57.Rxd3 exd3 58.Bd2 Nb6
59.Kf2 Nc4 60.Bf4 Kd7 61.g5 h5 62.g6 Nd6 63.Ke3 Nxf5+ 64.Kxd3 Nxh4 65.Bh6 Nf5
66.Bf4 Ne7  0-1

[Event "Zaragoza op"]
[Site "Zaragoza"]
[Date "1996.??.??"]
[Round "5"]
[White "Markowski, Tomasz"]
[Black "Razuvaev, Yuri S"]
[Result "1/2-1/2"]
[WhiteElo "2535"]
[BlackElo "2580"]

1.g3 d5 2.Nf3 Nf6 3.Bg2 g6 4.c4 c6 5.Qa4 a6 6.d3 b5 7.Qc2 Bg7 8.O-O O-O 9.cxd5 cxd5
10.Bf4 Bb7 11.Nbd2 Nc6 12.Nb3 Nd7 13.Qd2 a5 14.Rac1 Qb6 15.Be3 d4 16.Nfxd4 Nxd4
17.Bxd4 Bxd4 18.Bxb7 Bxb2 19.Qxb2 Qxb7 20.Nd4 b4 21.Nc6 Nb8 22.Ne5 Nd7 23.Nc6 Nb8  1/2-1/2

[Event "Zaragoza op"]
[Site "Zaragoza"]
[Date "1996.??.??"]
[Round "6"]
[White "Spraggett, Kevin"]
[Black "Antunes, Antonio"]
[Result "1/2-1/2"]
[WhiteElo "2545"]
[BlackElo "2545"]

1.g3 d5 2.Nf3 Nf6 3.Bg2 c6 4.O-O Bg4 5.d4 e6 6.Nbd2 Nbd7 7.Re1 Be7 8.e4 dxe4
9.Nxe4 Nxe4 10.Rxe4 Bf5 11.Re1 O-O 12.c3 h6 13.Qe2 Re8 14.Bf4 Qb6 15.Rad1 a5
16.h3 Bh7 17.h4 a4 18.a3 Bf5 19.Ne5 Nxe5 20.Bxe5 Red8 21.Rd2 Rd7 22.Red1 Rad8
23.Bf4 Qa5 24.Bf3 Bg6 25.Kg2 Bf6 26.Re1 Bf5 27.Be5 Bxe5 28.Qxe5 Qxe5 29.Rxe5 Ra8
30.g4 Bb1 31.g5 hxg5 32.hxg5 Ba2 33.Rd1 f6 34.gxf6 gxf6 35.Rh5 Rg7+ 36.Kf1 Bc4+
37.Ke1 Bb3 38.Rc1 Kf7 39.Ke2 Bd5 40.Rch1 Ke7 41.Bxd5 exd5 42.Kf3 Rag8 43.Re1+ Kf7
44.Re3 Rg5 45.Rh7+ R8g7 46.Rxg7+ Rxg7 47.Kf4 Rh7 48.Re2 Rh4+ 49.Kg3 Rh1 50.f3 Rh8
51.Kg4  1/2-1/2

[Event "Zaragoza op"]
[Site "Zaragoza"]
[Date "1996.??.??"]
[Round "9"]
[White "Markowski, Tomasz"]
[Black "Korneev, Oleg"]
[Result "1/2-1/2"]
[WhiteElo "2535"]
[BlackElo "2590"]

1.g3 d5 2.Nf3 Nf6 3.Bg2 Bf5 4.O-O e6 5.d3 h6 6.c4 c6 7.cxd5 exd5 8.Be3 Be7
9.Qb3 Bc8 10.Nc3 O-O 11.Rac1 Nbd7 12.Na4 Re8 13.a3 Bd6 14.Rfe1 Qe7 15.Qc2 Ne5
16.Nxe5 Bxe5 17.Bc5 Bd6 18.e4 Bxc5 19.Nxc5 b6 20.Nb3 dxe4 21.dxe4 c5 22.e5 Rb8
23.Nd2 Nh7 24.Nc4 Ng5 25.Nd6 Rd8 26.b4 cxb4 27.axb4 Bh3 28.f4 Bxg2 29.Qxg2 Ne6
30.f5 Nf8 31.Qa2 Rxd6 32.exd6 Qxd6 33.Qc4 Rd8 34.Rcd1 Qxd1 35.Rxd1 Rxd1+
36.Kg2 Rd2+ 37.Kh3 a5 38.b5 Nd7 39.Qc3 Rd6 40.Qc7 Rd2 41.Qd8+  1/2-1/2

[Event "SVK-ch int (Women)"]
[Site "Ziar nad Hronom"]
[Date "1996.??.??"]
[Round "4"]
[White "Petek Medic, Mirjana"]
[Black "Pokorna, Regina"]
[Result "1-0"]
[WhiteElo "2315"]
[BlackElo "2195"]

1.Nf3 d5 2.g3 e6 3.Bg2 Nf6 4.O-O c5 5.c4 Nc6 6.cxd5 exd5 7.d4 cxd4 8.Nxd4 Be7
9.Nc3 O-O 10.a3 Re8 11.b4 h6 12.Bb2 Bg4 13.h3 Bh5 14.Nf5 Bf8 15.g4 Bg6 16.b5 Na5
17.Nxd5 Nxd5 18.Qxd5 Bxf5 19.Qxf5 Rxe2 20.Rfd1 Qe8 21.Bc3 Nb3 22.Rab1 Nc5
23.Bf3 Re6 24.Rd5 Rc8 25.Bd4 b6 26.Kg2 g6 27.Qc2 Ne4 28.Qd3 Ng5 29.Rd1 Nxf3
30.Qxf3 Bg7 31.Be3 Rf6 32.Qg3 Qe4+ 33.Kg1 Rf3 34.Rd8+ Rxd8 35.Rxd8+ Kh7 36.Qg2 Qb1+
37.Qf1 Qb3 38.Kg2 Rf6 39.Qd3 Qe6 40.Rd7 Bf8 41.Rxa7 Bd6 42.Ra4 Qe5 43.f4 Qb2+
44.Kg3 Kg7 45.Re4 g5 46.Bd4 Bxf4+ 47.Rxf4 gxf4+ 48.Kf3 Qh2 49.Bxf6+ Kxf6
50.Qd6+ Kg7 51.Qxb6 Qxh3+ 52.Kxf4 Qxa3 53.Qd4+ Kg8 54.Ke4 Qb3 55.Qd5 Qb4+
56.Kf5 Qb2 57.Qc5 Qb3 58.b6 Qf3+ 59.Ke5 Qxg4 60.Kd6 Qf4+ 61.Kd7 Qg4+ 62.Kc7 Qf4+
63.Qd6 Qc4+ 64.Kb8 h5 65.Qc7 Qb5 66.b7 Kh7 67.Qxf7+ Kh6 68.Qf6+ Kh7 69.Qd6  1-0

[Event "Hallsberg opJ32"]
[Site "Hallsberg"]
[Date "1997.01.05"]
[Round "9"]
[White "Karlsson, Lars"]
[Black "Pedersen, Nicolai Vesterbaek"]
[Result "1-0"]
[WhiteElo "2470"]
[BlackElo "2290"]

1.Nf3 d5 2.g3 c6 3.Bg2 Bg4 4.O-O Nd7 5.d4 e6 6.b3 Bd6 7.Bb2 f5 8.Ne1 Bh5
9.Nd2 Ngf6 10.Nd3 O-O 11.Nf3 Ne4 12.Nfe5 Nxe5 13.dxe5 Bc7 14.Qe1 Ba5 15.b4 Bb6
16.Kh1 h6 17.f3 Ng5 18.Qd2 a5 19.a3 Qe7 20.Qf4 axb4 21.axb4 c5 22.Qh4 Bg6
23.f4 c4 24.Nc5 Bxc5 25.bxc5 c3 26.Rxa8 Rxa8 27.Bc1 Ra4 28.e4 fxe4 29.fxg5 h5
30.g4 hxg4 31.Qxg4 Bf5 32.Qg3 Qxc5 33.g6 Qb5 34.Rxf5 exf5 35.Qh4 Ra1 36.Qd8+  1-0

[Event "RUS-Cup4"]
[Site "Perm"]
[Date "1997.02.12"]
[Round "5"]
[White "Sergeev, Nickolay"]
[Black "Beshukov, Sergei"]
[Result "0-1"]
[WhiteElo "2330"]
[BlackElo "2435"]

1.Nf3 d5 2.g3 c6 3.Bg2 Nf6 4.O-O g6 5.d3 Bg7 6.Nbd2 O-O 7.e4 Bg4 8.h3 Bxf3
9.Qxf3 e6 10.c3 Na6 11.Qe2 Nd7 12.d4 Nc7 13.Nf3 f5 14.Bg5 Bf6 15.Bxf6 Qxf6
16.exf5 exf5 17.Ne5 Nxe5 18.dxe5 Qg5 19.c4 f4 20.cxd5 Nxd5 21.Kh2 Rae8 22.Rae1 Rf5
23.e6 Qf6 24.Bf3 Nc7 25.Bg4 Rb5 26.b3 h5 27.Bf3 Rxe6 28.Qc4 Kg7 29.Rd1 Re7
30.g4 h4 31.Rd4 Ne6 32.Re4 Re5 33.Rxe5 Qxe5 34.Rd1 Qc5 35.Qxc5 Nxc5 36.g5 Rd7
37.Rc1 Rd2 38.Kg1 Nd3 39.Rd1 Ne5 40.Bg4 Rxd1+ 41.Bxd1 Kf7  0-1

[Event "RUS-Cup4"]
[Site "Perm"]
[Date "1997.02.12"]
[Round "5"]
[White "Irzhanov, Ruslan"]
[Black "Sherbakov, Ruslan"]
[Result "1/2-1/2"]
[WhiteElo "2550"]
[BlackElo "2580"]

1.Nf3 d5 2.g3 c6 3.Bg2 Bg4 4.O-O Nd7 5.d3 e6 6.Nbd2 Bd6 7.e4 Ne7 8.d4 O-O
9.h3 Bh5 10.c4 Kh8  1/2-1/2

[Event "RUS-Cup4"]
[Site "Perm"]
[Date "1997.02.14"]
[Round "7"]
[White "Irzhanov, Ruslan"]
[Black "Vaulin, Alexander"]
[Result "1-0"]
[WhiteElo "2550"]
[BlackElo "2490"]

1.Nf3 d5 2.g3 Nc6 3.Bg2 e5 4.d3 Nf6 5.O-O Be7 6.Nbd2 O-O 7.c3 d4 8.Qc2 Be6
9.Nc4 Nd7 10.e3 dxc3 11.Qxc3 f6 12.a3 Nc5 13.d4 exd4 14.exd4 Na4 15.Qc2 Nb6
16.Nxb6 axb6 17.d5 Bxd5 18.Rd1 Qc8 19.Rxd5 Nb4 20.Qd1 Nxd5 21.Qxd5+ Kh8 22.Be3 c6
23.Qb3 Bc5 24.Bxc5 bxc5 25.Qc2 b6 26.Nh4 f5 27.Bh3 g6 28.Nf3 Kg7 29.Bf1 b5
30.Qxc5 Qe6 31.Rc1 Qf6 32.Qxc6 Qxb2 33.Qd7+  1-0

[Event "RUS-Cup4"]
[Site "Perm"]
[Date "1997.02.16"]
[Round "9"]
[White "Galkin, Alexander"]
[Black "Volkov, Sergey"]
[Result "1/2-1/2"]
[WhiteElo "2510"]
[BlackElo "2480"]

1.Nf3 d5 2.g3 Nf6 3.Bg2 e6 4.O-O c6 5.b3 Be7 6.Bb2 O-O 7.d3 Nbd7 8.Nbd2 a5
9.a3 b6 10.c4 Bb7 11.Qc2 Qb8  1/2-1/2

[Event "Magen Memorial"]
[Site "Petach Tikva"]
[Date "1997.02.25"]
[Round "7"]
[White "Zalkind, Karmi"]
[Black "Soffer, Ram"]
[Result "0-1"]
[WhiteElo "2370"]
[BlackElo "2525"]

1.Nf3 d5 2.g3 c6 3.Bg2 Bg4 4.b3 Nd7 5.Bb2 Ngf6 6.O-O e6 7.d3 Bc5 8.Qe1 O-O
9.e4 dxe4 10.dxe4 Bxf3 11.Bxf3 e5 12.Nd2 b5 13.Qe2 Qe7 14.a3 a6 15.Bg2 Bd4
16.Bxd4 exd4 17.Rfe1 Rfe8 18.Nf3 c5 19.e5 Rab8 20.Qd2 Nd5 21.Ng5 Ne3 22.Bc6 Nxe5
23.Bxe8 Qxg5 24.Bc6 Qg6 25.Bh1 Nxc2 26.Rxe5 Nxa1 27.Qb2 Nxb3 28.Qxb3 c4 29.Qb4 Qf6
30.Qe1 g6 31.f4 d3 32.Bd5 Rd8 33.Kf2 c3 34.Qe3 c2 35.Qc5 Qd6 36.Qc3 Qd7  0-1

[Event "Beersheba 16th"]
[Site "Beersheba"]
[Date "1997.03.03"]
[Round "7"]
[White "Tseitlin, Mark D"]
[Black "Tyomkin, Dimitri"]
[Result "1-0"]
[WhiteElo "2505"]
[BlackElo "2450"]

1.Nf3 d5 2.g3 Nf6 3.Bg2 c6 4.O-O Bg4 5.c4 e6 6.d4 Nbd7 7.Ne5 Nxe5 8.dxe5 Nd7
9.cxd5 exd5 10.h3 Bf5 11.f4 Nc5 12.Be3 h5 13.Nc3 Qd7 14.Kh2 Rd8 15.Bd4 Be7
16.Rc1 b6 17.Bxc5 Bxc5 18.e4 dxe4 19.Qa4 b5 20.Qb3 O-O 21.Nxe4 Bxe4 22.Bxe4 Bb6
23.Rfd1 Qe7 24.Rxc6 Rxd1 25.Qxd1 Qb4 26.Qe2 Rd8 27.Rc2 Qd4 28.h4 g6 29.Bg2 Qd7
30.Bc6 Qd4 31.e6 fxe6 32.Qxe6+ Kg7 33.Qe7+ Kh6 34.Re2 Qg1+ 35.Kh3 Qc5 36.Qg5+ Qxg5
37.hxg5+ Kg7 38.Re7+ Kg8 39.Re6 Kf7 40.Rf6+ Kg7 41.Be4 Bd4 42.Rxg6+ Kf7 43.Rc6 Bxb2
44.f5 Be5 45.Rc5 Bd6 46.Rxb5 Rb8 47.Bd5+ Kg7 48.Ra5 Kh8 49.Rxa7 h4 50.g6  1-0

[Event "St Petersburg-ch"]
[Site "St Petersburg"]
[Date "1997.03.04"]
[Round "1"]
[White "Loginov, Valery A"]
[Black "Novikov, Mikhail V"]
[Result "1-0"]
[WhiteElo "2555"]
[BlackElo "2390"]

1.Nf3 d5 2.g3 c6 3.Bg2 Bf5 4.c4 e6 5.cxd5 exd5 6.O-O Nf6 7.d3 Be7 8.Qc2 O-O
9.Nc3 Na6 10.a3 Bg6 11.e4 Nc7 12.Nh4 d4 13.Ne2 Nfe8 14.Nxg6 hxg6 15.f4 a5
16.Bd2 Ra7 17.Kh1 Ne6 18.Rae1 c5 19.a4 Nf6 20.Qc4 Nc7 21.Ng1 Qd7 22.Nf3 b5
23.axb5 Qxb5 24.Qxb5 Nxb5 25.Ne5 Rc8 26.Nc4 a4 27.e5 Ne8 28.Ra1 Nec7 29.Ba5 a3
30.bxa3 Nc3 31.Bb6 Ra4 32.Bc6 N7b5 33.Bd7 Rb8 34.Ba5 Ra8 35.Bxc3  1-0

[Event "St Petersburg-ch"]
[Site "St Petersburg"]
[Date "1997.03.05"]
[Round "2"]
[White "Novikov, Mikhail V"]
[Black "Vunder, A."]
[Result "1-0"]
[WhiteElo "2390"]
[BlackElo "2230"]

1.Nf3 d5 2.g3 Nf6 3.Bg2 Bg4 4.c4 c6 5.cxd5 cxd5 6.Ne5 Bc8 7.d4 e6 8.O-O Be7
9.Nc3 O-O 10.Bf4 Bd7 11.Qd2 Nc6 12.Rfd1 Rc8 13.h3 Na5 14.Rac1 Nc4 15.Nxc4 Rxc4
16.Qd3 Rc8 17.e4 dxe4 18.Nxe4 Bc6 19.Nxf6+ Bxf6 20.Bxc6 Rxc6 21.Rxc6 bxc6
22.Be5 Qd5 23.Bxf6 gxf6 24.Qa6 c5 25.Qxa7 Rd8 26.Qa5 e5 27.Rc1 cxd4 28.Qxd5 Rxd5
29.Kf1 d3 30.Rc8+ Kg7 31.Ke1 e4 32.Rc4 f5 33.Kd2 Kf6 34.b4 Ke5 35.a4 f4 36.gxf4+ Kxf4
37.b5 Kf3 38.b6 Rd6 39.a5 Rd5 40.b7 Rb5 41.a6 Rb2+ 42.Kd1 e3 43.fxe3 Kxe3
44.a7 Rg2 45.Re4+ Kxe4 46.b8=Q Rg5  1-0

[Event "St Petersburg-ch"]
[Site "St Petersburg"]
[Date "1997.03.09"]
[Round "5"]
[White "Karasev, Vladimir I"]
[Black "Vunder, A."]
[Result "1-0"]
[WhiteElo "2365"]
[BlackElo "2230"]

1.Nf3 d5 2.g3 c5 3.Bg2 Nc6 4.d4 e6 5.c4 Nf6 6.O-O Be7 7.cxd5 exd5 8.Nc3 O-O
9.Bg5 cxd4 10.Nxd4 h6 11.Bf4 Bg4 12.h3 Bd7 13.Nb3 Be6 14.Rc1 Qd7 15.Kh2 Rfe8
16.Be3 Rad8 17.Nb5 Bf5 18.Nxa7 Nxa7 19.Bxa7 Ra8 20.Bd4 Rxa2 21.Nc5 Bxc5 22.Rxc5 Ne4
23.Rc1 Ra6 24.f3 Nxg3 25.Kxg3 Rg6+ 26.Kh2 Qe7 27.f4 Qh4 28.Rc3 Ree6 29.Rff3 Rg4
30.Bf2 Qh5 31.Kg1 Rxg2+ 32.Kxg2 Be4 33.Kh2 Qf5 34.Qd2 h5 35.Rg3 h4 36.Rg5 Rg6
37.Rxf5 Rg2+ 38.Kh1 Rxf2+ 39.Kg1  1-0